Theo a Lily. Poprvé ve školce /
Bohatě ilustrovaný příběh vypráví o prvním dnu kluka Thea a jeho nové kamarádky, holčičky Lily, ve školce.
Uloženo v:
| Série: | Theo a Lily,
část |
|---|---|
| Hlavní autor: | |
| Další autoři: | |
| Médium: | E-kniha |
| Jazyk: | Czech |
| Vydáno: |
Praha :
Pierot,
[2021]
|
| Témata: | |
| Příbuzné jednotky: | Z cyklu::
Theo a Lily |
| Tagy: |
Žádné tagy |
| LEADER | 02186nam a2200457 i 4500 | ||
|---|---|---|---|
| 001 | 311588 | ||
| 003 | CZ PrSKC | ||
| 005 | 20260601215708.0 | ||
| 007 | ta | ||
| 008 | 210511s2021 xr a a 000 j cze | ||
| 015 | |a cnb003322681 | ||
| 020 | |a 9788073536411 |q (vázáno) | ||
| 035 | |a (OCoLC)1263257413 | ||
| 040 | |a ABG001 |b cze |d BOA001 |e rda | ||
| 072 | 7 | |a 821.162.3-3 |x Česká próza |2 Konspekt | |
| 072 | 7 | |a 821-93 |x Literatura pro děti a mládež (beletrie) |2 Konspekt | |
| 080 | |a 821.162.3-32 |2 MRF | ||
| 080 | |a 821-93 |2 MRF | ||
| 080 | |a (0:82-32) |2 MRF | ||
| 100 | 1 | |a Šulc, Petr, |d 1961- |7 jn20011018797 |4 aut | |
| 245 | 1 | 0 | |a Theo a Lily. |p Poprvé ve školce / |c autor: Petr Šulc ; ilustrátor: Jakub Cenkl |
| 246 | 1 | |i Název části na obálce: |a Prvně ve školce | |
| 246 | 3 | 0 | |a Poprvé ve školce |
| 264 | 1 | |a Praha : |b Pierot, |c [2021] | |
| 300 | |a 24 nečíslovaných stran : |b barevné ilustrace ; |c 25 cm | ||
| 336 | |a text |b txt |2 rdacontent | ||
| 336 | |a statický obraz |b sti |2 rdacontent | ||
| 337 | |a bez média |b n |2 rdamedia | ||
| 338 | |a svazek |b nc |2 rdacarrier | ||
| 520 | 2 | |a Bohatě ilustrovaný příběh vypráví o prvním dnu kluka Thea a jeho nové kamarádky, holčičky Lily, ve školce. |b Theo se do školky těší, ale také má trochu strach, že mu tam bude bez maminky smutno. Naštěstí je ve školce hodná paní učitelka a hlavně kamarádka Lily, která mu smutek pomůže překonat. | |
| 655 | 7 | |a české příběhy |7 fd133973 |2 czenas | |
| 655 | 7 | |a publikace pro děti |7 fd133156 |2 czenas | |
| 655 | 9 | |a Czech stories |2 eczenas | |
| 655 | 9 | |a children's literature |2 eczenas | |
| 700 | 1 | |a Cenkl, Jakub, |d 1982- |7 mzk2016922731 |4 ill | |
| 787 | 0 | 8 | |i Z cyklu: |t Theo a Lily |
| 900 | |a ABA001 |b 21 | ||
| 044 | |a xr | ||
| 910 | |a RBIT002 | ||
| 998 | |d 353695 |a https://core.palmknihy.cz/api/books/353695/cover?rcx413 |b https://core.palmknihy.cz/api/books/353695/cover/400?rcx413 |c https://core.palmknihy.cz/api/books/353695/cover/50?rcx413 |e |g 24 |i 9788073536411 |j https://core.palmknihy.cz/api/books/353695/preview.epub |k https://core.palmknihy.cz/api/books/353695/preview.pdf |l |q 49 |r 1 |s https://www.palmknihy.cz/kniha/353695 |t ebook |y 2022 |z 0 | ||
| 999 | |d 311586 | ||